000 00837nam a22002777a 4500
001 BR7375292
003 BR-BrBNA
005 20230928084417.0
007 ta
008 230509b bl.||||| |||| 00| 0 por d
040 _aBR-BrBNA
_bpor
_cBiblioteca Nacional de Agricultura
041 _a(Por)
072 _aE30; E10
090 _ E30 BR7375292
100 1 _aLebret, L.J.
110 1 _aComissao de Desenvolvimento Economico de Pernambuco, Recife (Brasil)
_91976
245 1 _aEstudo sobre desenvolvimento e implantacao de industrias, interessando a Pernambuco e ao Nordeste [Brasil]
260 3 _aRecife, PE (Brasil):
_c1955.
300 _a82 p.
650 _aDESENVOLVIMENTO INDUSTRIAL
650 _aREGIAO NORDESTE
650 _aPERNAMBUCO
650 _aINDUSTRIA
909 _a202309
_bLucia
_c55
_dLucia Elande
942 _cBK
999 _c18760
_d18760